Парламентаризм: методологические аспекты социально-политического исследования

Bibliografiske detaljer
Hovedforfatter: Романов Р. М. Роман Михайлович
Sprog:russisk
Udgivet: Москва, [Б. и.], 1999
Fag:
Format: MixedMaterials Bog
KOHA link:https://koha.lib.tpu.ru/cgi-bin/koha/opac-detail.pl?biblionumber=30817

MARC

LEADER 00000n m0a2200000 4500
001 30817
005 20231030204140.0
010 |a 5776401747 
035 |a (RuTPU)RU\TPU\book\31092 
035 |a BOOK00000023 
090 |a 30817 
100 |a 20011209d1999 km y0rusy50 ca 
101 0 |a rus 
102 |a RU 
105 |a y z 000zy 
200 1 |a Парламентаризм: методологические аспекты социально-политического исследования  |f Р. М. Романов 
210 |a Москва  |c [Б. и.]  |d 1999 
215 |a 52 с. 
610 1 |a политика 
610 1 |a право 
610 1 |a социология 
610 1 |a парламентаризм 
610 1 |a Россия 
686 |a Х620.6  |v LBC/SL-A  |2 rubbk 
700 1 |a Романов  |b Р. М.  |g Роман Михайлович 
801 0 |a RU  |b 63413507  |c 20011209  |g PSBO 
801 2 |a RU  |b 63413507  |c 20180910  |g PSBO 
942 |c BK